The economic problem

সংরক্ষণ করুন:
গ্রন্থ-পঞ্জীর বিবরন
প্রধান লেখক: Hawtrey, R. G.
বিন্যাস: গ্রন্থ
ভাষা:Undetermined
প্রকাশিত: London Longmans 1926
বিষয়গুলি:
ট্যাগগুলো: ট্যাগ যুক্ত করুন
কোনো ট্যাগ নেই, প্রথমজন হিসাবে ট্যাগ করুন!
Thư viện lưu trữ: Trung tâm Học liệu Trường Đại học Cần Thơ
LEADER 00448nam a2200181Ia 4500
001 CTU_80624
008 210402s9999 xx 000 0 und d
082 |a 330 
082 |b H399 
100 |a Hawtrey, R. G. 
245 4 |a The economic problem 
245 0 |c R. G. Hawtrey 
260 |a London 
260 |b Longmans 
260 |c 1926 
650 |a Economics 
904 |i Trọng Hải 
980 |a Trung tâm Học liệu Trường Đại học Cần Thơ